| 000 -LEADER |
| fixed length control field |
01571pab a2200181 454500 |
| 008 - FIXED-LENGTH DATA ELEMENTS--GENERAL INFORMATION |
| fixed length control field |
180718b2007 xxu||||| |||| 00| 0 eng d |
| 100 ## - MAIN ENTRY--PERSONAL NAME |
| Personal name |
Stefanick, Lorna |
| 245 ## - TITLE STATEMENT |
| Title |
Outsourcing and transborder data flows: the challenge of protecting personal information under the shadow of the USA Patriot act |
| 260 ## - PUBLICATION, DISTRIBUTION, ETC. |
| Date of publication, distribution, etc. |
2007 |
| 300 ## - PHYSICAL DESCRIPTION |
| Extent |
p.531-48. |
| 362 ## - DATES OF PUBLICATION AND/OR SEQUENTIAL DESIGNATION |
| Dates of publication and/or sequential designation |
Dec |
| 520 ## - SUMMARY, ETC. |
| Summary, etc. |
Governments are increasingly outsourcing service provision to private contractors in an effort to realize cost efficiencies. The passage of the USA Patriot Act, however, has caused concern that government outsourcing of data management to US-based companies could result in the violation of fundamental civil liberties. What follows is a case study of a Canadian provincial government's plan to outsource the administration of a public health insurance and drug plan to a Canadian subsidiary of an American company. Within the context of the larger international concern about the reach of the USA Patriot Act, the article discusses the Canadian response to the fear that outsourcing will compromise the security of personal health information. it concludes that while different privacy protection experts worldwide have drawn different conclusions as to the implications of the USA Patriot Act, the ability of governments to protect the large amounts of data that are entrusted to them is becoming increasingly difficult. - Reproduced. |
| 650 ## - SUBJECT ADDED ENTRY--TOPICAL TERM |
| Topical term or geographic name entry element |
Accountability |
| 650 ## - SUBJECT ADDED ENTRY--TOPICAL TERM |
| Topical term or geographic name entry element |
State security |
| 773 ## - HOST ITEM ENTRY |
| Main entry heading |
International Review of Administrative Sciences |
| 908 ## - PUT COMMAND PARAMETER (RLIN) |
| Put command parameter |
N |
| 909 ## - |
| -- |
77431 |